000
00368nam a2200145Ia 4500
008
100122s9999 xx 000 0 und d
082
_b
11294
_a
823.08
100
_a
नांगरे बलराम
245
_a
अंतर
260
_b
गं.रा.फाटक
_c
1961
300
_a
119
630
_a
अंतर
730
_a
अंतर
942
_c
BOOK
999
_c
402700
_d
402697